| 000 | 00777nam a22002057a 4500 | ||
|---|---|---|---|
| 005 | 20251108172723.0 | ||
| 008 | 250721s1991 xx 000 0 ara d | ||
| 082 | 1 | 4 | _a321.809565/خوص |
| 100 | 1 |
_aأبو خوصة، أحمد _eمؤلف |
|
| 245 | 1 | 0 | _aالديمقراطية والأحزاب السياسية الأردنية "تحت التأسيس" / |
| 264 | 1 |
_aعمان : _bد.ن، _c1991. |
|
| 300 | _a131 ص. | ||
| 500 | _aكتاب أبو علندا الذي يحمل باركود رقم PLD00070920 له رقم متسلسل هو783 ولكنه مكرر. | ||
| 650 | 1 | 7 | _aالديموقراطية |
| 650 | 1 | 7 | _aالأحزاب السياسية |
| 650 | 1 | 7 | _aالتاريخ السياسي |
| 650 | 1 | 7 | _aتاريخ الأردن |
| 942 |
_2ddc _cBK |
||
| 999 |
_c86791 _d86791 |
||